Naapurimaat - Statistics

Yleistilastot
  • Tätä visaa on pelattu 199 kertaa
  • Keskiarvotulos 27 / 40
Vastaustilastot
Hint Vastaus % Oikein
Suomi Norja
95%
Suomi Ruotsi
95%
Suomi Venäjä
95%
Suriname Brasilia
83%
Bangladesh Intia
82%
Vietnam Laos
82%
Bosnia Herzegovina Kroatia
80%
Costa Rica Panama
79%
Suriname Guyana
78%
Jordania Israel
78%
Indonesia Malesia
78%
Bosnia Herzegovina Serbia
78%
Botswana Etelä-Afrikka
74%
Vietnam Kiina
74%
Bangladesh Myanmar
74%
Kenia Somalia
74%
Jordania Syyria
72%
Kenia Tansania
72%
Vietnam Kambodža
71%
Bosnia Herzegovina Montenegro
70%
Costa Rica Nicaragua
70%
Norsunluurannikko Ghana
69%
Jordania Irak
69%
Botswana Namibia
68%
Jordania Saudi Arabia
68%
Indonesia Itä-Timor
66%
Kenia Uganda
66%
Kenia Etiopia
65%
Suriname Ranska ( Guayana )
64%
Botswana Zimbabwe
61%
Belize Guatemala
59%
Belize Meksiko
58%
Norsunluurannikko Mali
55%
Botswana Sambia
55%
Norsunluurannikko Liberia
53%
Norsunluurannikko Burkina Faso
52%
Norsunluurannikko Guinea
50%
Indonesia Papua Uusi Guinea
42%
Kenua Etelä-Sudan
41%
Jordania Palestiina (Gaza)
32%
Ehtoja vastaavia visoja ei löytynyt
Tulosjakauma
Jokaisen tuloksen saaneiden osuus
Persentiili vastausten määrän mukaan
Tuloshistoriasi
Et ole pelannut tätä visaa